000 01479nam0a22003131 4500
001 v19\rc\1424430
005 20250618112638.0
035 _a(NLR Aleph) 004550365
090 _a2133101
_c2133101
100 _a20060512e18851885|||y0rusy50 ca
101 0 _arus
102 _aRU
105 _aa z |||||
200 1 _aКристаллы блеклой медной руды из Березовского рудника на Урале
_f[Соч.] П.В. Еремеева
210 _a[Санкт-Петербург]
_cтип. Имп. Акад. наук
_d[1885]
215 _a6 с.
_cчерт.
_d24
309 _aБез тит. л. и обл.
311 _aОтт. из "Зап. Имп. С.-Петерб. минерал. о-ва". 1885, т. 20, с. 323-328
488 0 _12001#$aЗаписки Императорского Санкт-Петербургского минералогического общества$v1885, т. 20
_1215##$aС. 323-328
_tЗаписки Императорского Санкт-Петербургского минералогического общества
700 1 _aЕремеев
_bП.В.
_f1830-1899
_gПавел Владимирович
712 0 2 _aБерезовский рудник
_cЕкатеринбург. округ
801 0 _aRU
_bNLR
_gpsbo
801 0 _aRU
_bRuMoRGB
_2psbo
801 1 _aRU
_bProSoft-M
_2rusmarc
852 _aNLR
_j18.221.3.36
899 _aRuMoRGB
_jA 186/1009
899 _aБАН
942 _cBOOK
980 _aNB